书目信息 |
| 题名: |
天体微波激射
|
|
| 作者: | 库克 , Cook 著 ;周震浦 , 吴洪敖 译 | |
| 分册: | ||
| 出版信息: | 北京 科学出版社 1984 |
|
| 页数: | 149页 | |
| 开本: | 19cm | |
| 丛书名: | ||
| 单 册: | ||
| 中图分类: | P162 | |
| 科图分类: | ||
| 主题词: | 天体-微波大爆发 , 微波大爆发-天体 | |
| 电子资源: | ||
| ISBN: | ||
| 000 | 00873nam0 2200313 45 | |
| 001 | 0184002379 | |
| 005 | 20040520163335.6 | |
| 010 | @dCNY0.80 | |
| 091 | @a13031.2609 | |
| 100 | @a19950316d1984 emky0chiy0121 ea | |
| 101 | 1 | @achi@ceng |
| 102 | @aCN@b110000 | |
| 105 | @ay z 000yy | |
| 106 | @ar | |
| 200 | 10 | @a天体微波激射@Atian ti wei bo ji she@f(英)库克(A.H. Cook)著@g周震浦,吴洪敖译 |
| 210 | @a北京@c科学出版社@d1984 | |
| 215 | @a149页@d19cm | |
| 300 | @a书名原文:Celestial masers | |
| 510 | 1 | @aCelestial masers@zeng |
| 606 | @a天体-微波大爆发 | |
| 606 | @a微波大爆发-天体 | |
| 690 | @aP162@v3 | |
| 701 | 1 | @a库克@Aku ke@bA.H.@4著 |
| 701 | A1 | @aCook@bA.H.@4著 |
| 702 | 0 | @a周震浦@Azhou zhen pu@4译 |
| 702 | 0 | @a吴洪敖@Awu hong ao@4译 |
| 801 | 0 | @aCN@b上海图书馆@c20040520 |
| 801 | 2 | @aCN@bNLC@c20040520 |
| 905 | @f2@b123288-289@dP162@e30 | |
| 天体微波激射/(英)库克(A.H. Cook)著/周震浦,吴洪敖译.-北京:科学出版社,1984 |
| 149页;19cm |
| 书名原文:Celestial masers |
| ISBN :CNY0.80 |
| ● |
| 相关链接 |
|
|
|
|
正题名:天体微波激射
索取号:P162/30
 
预约/预借
| 序号 | 登录号 | 条形码 | 馆藏地/架位号 | 状态 | 备注 |
| 1 | 0123288 | 000628397 | 第三借阅区/ [索取号:P162/30] | 在馆 | |
| 2 | 0123289 | 000628404 | 第三借阅区/ [索取号:P162/30] | 在馆 | |
| 3 | 0123290 | 202101634 | 第二样本阅览室/ [索取号:P162/30] | 在馆 |